| Tag |
First Indicator |
Second Indicator |
Subfields |
| LEADER |
00000cam a2200000 a 4500 |
| 001 |
in00001777832 |
| 005 |
20151025091701.0 |
| 008 |
971029s1996 ru a b 001 0 rusod |
| 010 |
|
|
|a 97209657
|
| 020 |
|
|
|a 5728100473
|
| 035 |
|
|
|a (OCoLC)ocm36900017
|
| 040 |
|
|
|a HLS
|c DLC
|d OCLCQ
|d TXA
|d UtOrBLW
|
| 042 |
|
|
|a lccopycat
|
| 043 |
|
|
|a e-ru---
|
| 049 |
|
|
|a TXAM
|
| 050 |
0 |
4 |
|a DK265.19
|b .F493 1996
|
| 245 |
0 |
0 |
|a Fevralʹskai︠a︡ revoli︠u︡t︠s︡ii︠a︡, 1917 :
|b sbornik dokumentov i materialov /
|c [otvetstvennye redaktory, A.D. Stepanskiĭ, V.I. Miller ; sostavitelʹ, avtor predislovii︠a︡ i primechaniĭ O.A. Shashkova].
|
| 246 |
1 |
|
|i Colophon title:
|a Fevralʹskai︠a︡ revoli︠u︡t︠s︡ii︠a︡ 1917 goda
|
| 264 |
|
1 |
|a Moskva :
|b Rossiĭskiĭ gos. gumanitarnyĭ universitet,
|c 1996.
|
| 300 |
|
|
|a 351 pages :
|b illustrations ;
|c 21 cm.
|
| 336 |
|
|
|a text
|b txt
|2 rdacontent
|
| 337 |
|
|
|a unmediated
|b n
|2 rdamedia
|
| 338 |
|
|
|a volume
|b nc
|2 rdacarrier
|
| 504 |
|
|
|a Includes bibliographical references and index.
|
| 651 |
|
0 |
|a Russia
|x History
|y February Revolution, 1917
|x Sources.
|
| 700 |
1 |
|
|a Stepanskiĭ, A. D.
|q (Aleksandr Davydovich)
|
| 700 |
1 |
|
|a Miller, V. I.
|
| 700 |
1 |
|
|a Shashkova, O. A.
|
| 948 |
|
|
|a cataloged
|b h
|c 2003/8/26
|d c
|e spoltoratski
|f 10:51:48 am
|
| 994 |
|
|
|a E0
|b TXA
|
| 999 |
|
|
|a MARS
|
| 999 |
f |
f |
|s 3565ed4a-4569-3c86-9be5-31bbcd9e3a2f
|i 368702a7-3186-361f-a7a0-1a0405b1b22a
|t 0
|
| 952 |
f |
f |
|p normal
|a Texas A&M University
|b College Station
|c Sterling C. Evans Library
|d Evans: Library Stacks
|t 0
|e DK265.19 .F493 1996
|h Library of Congress classification
|i unmediated -- volume
|m A14830067681
|
| 998 |
f |
f |
|a DK265.19 .F493 1996
|t 0
|l Evans: Library Stacks
|